00646nam a2200217 a 450000100060000000300080000600500170001400800410003103500190007204000270009104100080011808200260012610000220015224500580017426000480023230000320028050000180031265000230033065100310035365100440038461384BD-RjUL20211209080944.0170117s1939 enk 001 0 eng  a(BD-RjUL)61508 aDLCcOTUdBD-RjULbeng aeng a382.094223bHEC 19391 aHeuser, Heinrich.10aControl of international trade /cby Heinrich Heuser. aLondon :bG. Routledge & sons, ltd. ,c1939 ax, 282 p. :bill. ;c23 cm. aInclude index 0aCommercial policy. 0aEuropexCommercial policy. 0aEuropexEconomic conditionsy1918-1945.